Pactos multilaterales interamericanos /
Guardat en:
| Autor principal: | |
|---|---|
| Altres autors: | |
| Format: | Text |
| Publicat: |
Guatemala:
s.e.
|
| Etiquetes: |
Afegir etiqueta
Sense etiquetes, Sigues el primer a etiquetar aquest registre!
|
MARC
| LEADER | 00000 a a2200000 04500 | ||
|---|---|---|---|
| 001 | 24553 | ||
| 003 | |||
| 040 | |||
| 090 | |a 176400 | ||
| 100 | |a Mendoza, José Luis | ||
| 245 | |a Pactos multilaterales interamericanos / |c José Luis Mendoza | ||
| 260 | |a Guatemala: |b s.e. | ||
| 500 | |a Suscrita en la IX conferencia internacional Américana en Bogotá, el 30 de abril de 1955 | ||
| 700 | |a comp. | ||
| 999 | |c 8896 |d 8896 | ||
